000 00710nam a2200217Ia 4500
003 GCL
005 20240530094703.0
008 140319s9999 xx 000 0 ara d
020 _a6235377977
040 _aGCL /
_cGCL
082 0 4 _a305.4209
_bق/ع د
100 1 _aعبدالحليم نورالدين
245 1 0 _aدور المرأة فى المجتمع المصرى القديم /
_cعبدالحليم نورالدين
260 _aالقاهرة :
_bالمجلس الاعلى للاثار
300 _a188 ص ؛
_c24 سم
650 0 4 _aالمرأة فى مصر
650 0 4 _aالمرأة
650 0 4 _aالمرأة فى التاريخ
650 0 4 _aالمرأة المصرية
942 _2ddc
_cBK
999 _c197
_d197